| 000 | 00722 a2200229 4500 | ||
|---|---|---|---|
| 003 | OSt | ||
| 005 | 20180116192348.0 | ||
| 008 | 120531t xxu||||| |||| 00| 0 eng d | ||
| 010 | _a 2003054066 | ||
| 020 | _a039373112X (pbk.) | ||
| 040 | _c0 | ||
| 082 | 0 | 0 | _a720.284 |
| 100 | 1 |
_aLaseau, Paul, _92994 |
|
| 245 | 1 | 0 |
_aFreehand sketching : _ban introduction / _cPaul Laseau. |
| 260 |
_aNew York : _bNorton, _cc2004. |
||
| 300 |
_a112 p. : _bill. ; _c23 x 14 cm. |
||
| 500 | _aIncludes index. | ||
| 650 | 1 | 0 |
_aArchitectural drawing _xTechnique. _92995 |
| 650 | 1 | 0 |
_aFreehand technical sketching _xTechnique. _92996 |
| 942 |
_aSADA _cBK _k720.284 LAS 2004 _2ddc |
||
| 999 |
_c352835 _d352835 |
||